Statistics for Travel Across Asia on an Empty Map

Click here to take the quiz!

General Stats

  • This quiz has been taken 1,888 times
  • The average score is 10 of 15

Answers on the Map

Answers color-coded by a green-red scale on the quiz's map according to % correct below.
Loading ...
 

Answer Stats

Countries % Correct
Georgia
99%
Armenia
96%
Azerbaijan
92%
Iran
86%
Turkmenistan
77%
Uzbekistan
71%
Tajikistan
67%
China
61%
Nepal
56%
India
55%
Bangladesh
52%
Myanmar
50%
Thailand
48%
Malaysia
45%
Indonesia
41%

Score Distribution

Percentile by Number Answered

Percent of People with Each Score

Your Score History

You have not taken this quiz